Statistics for Celebrity friends of dictators

Click here to take the quiz!

General Stats

  • This quiz has been taken 31 times
    (29 since last reset)
  • The average score is 5 of 12

Answer Stats

HintAnswer% Correct
This basketball superstar became a "friend for life" to North Korea's Kim Jong-UnDennis Rodman
91%
This "Godfather of soul" was one of many celebrities who performed at a concert for Zaire's Mobutu Sese SekoJames Brown
74%
Spain's number one selling singer was criticised for performing for Teodoro Mbasogo of Equatorial GuineaJulio Iglesias
61%
Bahrain's Abdullah al-Khalifa's friendship to this troubled music superstar came to an abrupt end with a sticky lawsuit for $7M over the recording of some albumsMichael Jackson
48%
This "Dallas" star had a huge fan in Romanian dictator Nicolae Ceausescu, who paid him a bag of money for a giant poster of himselfLarry Hagman
43%
This British supermodel supposedly bragged about receiving a huge diamond from Liberia's Charles TaylorNaomi Campbell
39%
This famous actress and singer performed for Turkmenistan's Gurbanguly Berdimuhamedov, singing among other things, "Happy Birthday Mr President!"Jennifer Lopez
35%
José Eduardo dos Santos of Angola paid $2M to this "Starships" singer to perform for himNicki Minaj
35%
This hip-hop artist was heavily criticised, this time for performing at Aisultan Nazarbayev's weddingKanye West
30%
This "Karate Kid" star was one of several celebrities who was 'unaware' of Ramzan Kadyrov's human rights abuses during her attendance at his lavish birthday partyHilary Swank
22%
To her credit this singer of "Turn off the light" donated the $1M she received for performing for Colonel GaddafiNelly Furtado
13%
Whereas this top selling singer was 'well aware' of the Uzbek president's human rights abuses when performing for his daughter Gulnara KarimovaSting
9%

Score Distribution

Percentile by Number Answered

Percent of People with Each Score

Your Score History

You have not taken this quiz since the last reset